Statistics for NCAA FOOTBALL TEAMS BY STATE (M)

Click here to take the quiz!

General Stats

  • This quiz has been taken 44 times
    (37 since last reset)
  • The average score is 13 of 14

Answer Stats

HintAnswer% Correct
MarylandMaryland Terrapins
100%
MassachusettsMassachusetts Minutemen
100%
MichiganMichigan State Spartans
100%
MichiganMichigan Wolverines
100%
MinnesotaMinnesota Golden Gophers
100%
MissouriMissouri Tigers
100%
MississisppiMississippi Rebels
97%
MississisppiMississippi State Bulldogs
97%
MichiganEastern Michigan Eagles
88%
MichiganWestern Michigan Broncos
85%
MassachusettsBoston College Eagles
82%
MichiganCentral Michigan Chippewas
82%
MississisppiSouthern Miss Golden Eagles
74%
MarylandNavy Midshipmen
65%

Score Distribution

Percentile by Number Answered

Percent of People with Each Score

Your Score History

You have not taken this quiz since the last reset